VII. aktiv revizních techniků sborník přednášek

Podrobná bibliografia
Médium: Kniha
Jazyk:čeština
Fyzický popis:7, 17, 9, 10, 3 s. [36,] s. schémy 20 cm
Vydavateľské údaje: Gottwaldov Elektrotechnický svaz český, Sekce údržby a revizí 1970
Predmet:

MARC

LEADER 00000cam a2200000 a 4500
001 vtls001272225
003 SK-MaSNL
005 20260301155101.0
008 210928s1970 xr e g 00000 cze
035 |a SNK000223358 
040 |a SNK  |b slo  |c SNK  |e AACR2 
041 0 |a cze 
044 |a xr  |c CZ 
072 7 |a 658  |x Riadenie a správa podniku  |2 konspekt 
080 |a 658.58  |2 2011 
080 |a (082)  |2 2011 
245 0 0 |a VII. aktiv revizních techniků  |b sborník přednášek 
260 |a Gottwaldov  |b Elektrotechnický svaz český, Sekce údržby a revizí  |c 1970 
300 |a 7, 17, 9, 10, 3 s. [36,] s.  |b schémy  |c 20 cm 
650 0 7 |a opravy a údržba  |2 SNKPH  |9 67615 
650 0 7 |a Maintenance and repair  |2 SNKPHeng  |9 286963 
655 7 |a zborníky  |2 SNKPH  |9 70165 
655 7 |a Papers of several authors  |2 SNKPHeng  |9 153738 
852 |a Štátna vedecká knižnica v Banskej Bystrici 
958 |a RK 
958 |a OND 
999 |c 799409  |d 801339 
952 |t P60, <04>, [BOOK], {604}  |a SNK  |b SNK  |y VYP  |7 0  |o snkID 52618  |i snkKIP 7959/70  |0 0  |1 0  |4 0  |d 1997-01-16  |l 0  |r 2005-01-01 00:00:00  |w 2026-02-24 
952 |t P60, <04>, [BOOK], {604}  |a SNK  |b SNK  |y VYP  |7 0  |o snkID 52618 D1  |i snkKIP 7960/70  |0 0  |1 0  |4 0  |d 1997-01-16  |l 0  |r 2005-01-01 00:00:00  |w 2026-02-24